[Event "Titled Tuesday intern op 09th May Late"]
[Site "Chess.com INT"]
[Date "2023.05.09"]
[Round "1"]
[White "Taichman, Ori"]
[Black "Kotyk, Michael"]
[Result "1-0"]
[WhiteElo "2299"]
[BlackElo "2074"]
[PlyCount "51"]
[EventDate "2023.05.09"]
[EventType "swiss (blitz)"]
[EventRounds "11"]
[EventCountry "USA"]
[SourceTitle "CBM 214 Extra"]
[Source "ChessBase"]
[SourceDate "2023.07.31"]
[SourceVersion "1"]
[SourceVersionDate "2023.07.31"]
[SourceQuality "1"]

1. e4 e5 2. d4 exd4 3. Qxd4 Nc6 4. Qe3 Nf6 5. Nc3 Bb4 6. Bd2 0-0 7. 0-0-0 Re8 8. Qg3 Nxe4 9. Nxe4 Rxe4 10. c3 Bf8 11. Bd3 Re8 12. Nf3 d5 13. Ng5 g6 14. h4 Bd6 15. f4 Qf6 16. h5 Bf5 17. Nxh7 Kxh7 18. hxg6+ Kg8 19. g7 Bg6 20. Qh3 Kxg7 21. Qh6+ Kg8 22. f5 Ne5 23. fxg6 Nxd3+ 24. Kb1 fxg6 25. Qh7+ Kf8 26. Bh6+ 1-0

[Event "Titled Tuesday intern op 02nd May Early"]
[Site "Chess.com INT"]
[Date "2023.05.02"]
[Round "1"]
[White "Taichman, Ori"]
[Black "Fernandez Garcia, Gumersindo"]
[Result "0-1"]
[WhiteElo "2299"]
[BlackElo "2160"]
[PlyCount "54"]
[EventDate "2023.05.02"]
[EventType "swiss (blitz)"]
[EventRounds "11"]
[EventCountry "USA"]
[SourceTitle "EXT 2024"]
[Source "ChessBase"]
[SourceDate "2023.10.10"]
[SourceVersion "1"]
[SourceVersionDate "2023.10.10"]
[SourceQuality "1"]

1. e4 c5 2. Nf3 g6 3. h4 Nf6 4. e5 Nd5 5. h5 Bg7 6. h6 Bf8 7. d4 cxd4 8. Qxd4 Nb6 9. Nc3 Nc6 10. Qe4 d6 11. exd6 Qxd6 12. Bf4 Qe6 13. 0-0-0 Qxe4 14. Nxe4 f6 15. Bb5 e5 16. Nxe5 fxe5 17. Bxe5 Rg8 18. Nf6+ Kf7 19. Nxg8 Kxg8 20. Bd3 Nxe5 21. Be4 Bf5 22. Bxb7 Rb8 23. Ba6 Ng4 24. Rhf1 Bxh6+ 25. Kb1 Bg7 26. f3 Ne3 27. Rfe1 Bxc2+ 0-1

[Event "Titled Tuesday intern op 18th Apr Early"]
[Site "Chess.com INT"]
[Date "2023.04.18"]
[Round "3"]
[White "Licznerski, Lukasz"]
[Black "Taichman, Ori"]
[Result "1-0"]
[WhiteElo "2456"]
[BlackElo "2299"]
[PlyCount "139"]
[EventDate "2023.04.18"]
[EventType "swiss (blitz)"]
[EventRounds "11"]
[EventCountry "USA"]
[SourceTitle "EXT 2024"]
[Source "ChessBase"]
[SourceDate "2023.10.10"]
[SourceVersion "1"]
[SourceVersionDate "2023.10.10"]
[SourceQuality "1"]

1. e4 c5 2. Nf3 Nc6 3. Bb5 d6 4. 0-0 Bd7 5. Re1 Nf6 6. c3 a6 7. Bf1 Bg4 8. h3 Bxf3 9. Qxf3 g6 10. d3 Bg7 11. Be3 Nd7 12. Nd2 b5 13. Qd1 b4 14. Qc2 0-0 15. Nf3 Nde5 16. Nxe5 Bxe5 17. Red1 Qb6 18. Qd2 Bg7 19. d4 Rfd8 20. a3 bxc3 21. bxc3 Qa5 22. Rdb1 cxd4 23. cxd4 Qxd2 24. Bxd2 Nxd4 25. Ra2 Nb5 26. Bxb5 axb5 27. Rxb5 Rdc8 28. a4 Bc3 29. Bxc3 Rxc3 30. a5 Rc1+ 31. Kh2 Rc5 32. Rxc5 dxc5 33. Kg3 e5 34. Kf3 Kf8 35. Ke3 Ke7 36. Kd3 Kd6 37. Kc4 Kc6 38. a6 Ra7 39. g4 g5 40. Ra1 f6 41. f3 Kb6 42. Rb1+ Kc6 43. Ra1 Kb6 44. Kd5 c4 45. Kxc4 Rc7+ 46. Kd5 Ka7 47. Ra3 h5 48. gxh5 Rh7 49. Ke6 Rxh5 50. Kxf6 Rxh3 51. Kxg5 Rh1 52. Kf6 Rh5 53. Ke6 Rg5 54. Kf7 Rh5 55. Kf6 Ka8 56. a7 Rh6+ 57. Kxe5 Rh3 58. Kd4 Rh4 59. Ke3 Rh3 60. e5 Rh4 61. Rd3 Kxa7 62. f4 Kb7 63. Ke4 Kc7 64. e6 Rh5 65. f5 Rh1 66. Ke5 Re1+ 67. Kf6 Re2 68. Kf7 Re5 69. f6 Re4 70. e7 1-0

[Event "Titled Tuesday intern op 18th Apr Early"]
[Site "Chess.com INT"]
[Date "2023.04.18"]
[Round "7"]
[White "Taichman, Ori"]
[Black "Yuan, Qingyu"]
[Result "0-1"]
[WhiteElo "2299"]
[BlackElo "2373"]
[PlyCount "68"]
[EventDate "2023.04.18"]
[EventType "swiss (blitz)"]
[EventRounds "11"]
[EventCountry "USA"]
[SourceTitle "EXT 2024"]
[Source "ChessBase"]
[SourceDate "2023.10.10"]
[SourceVersion "1"]
[SourceVersionDate "2023.10.10"]
[SourceQuality "1"]

1. e4 e5 2. d4 exd4 3. Qxd4 Nc6 4. Qe3 Nf6 5. Nc3 Bb4 6. Bd2 0-0 7. 0-0-0 Re8 8. Qg3 Nxe4 9. Nxe4 Rxe4 10. c3 Be7 11. Nf3 d5 12. Bf4 Bf5 13. Bd3 Qc8 14. Bxe4 Bxe4 15. Ng5 Bg6 16. Qh3 Bf5 17. g4 Bxg5 18. Bxg5 Bxg4 19. Qd3 Bxd1 20. Rxd1 h6 21. Bh4 Qg4 22. Bg3 d4 23. cxd4 Rd8 24. d5 Nb4 25. Qb3 Qg5+ 26. f4 Qe7 27. f5 Qc5+ 28. Kb1 Rxd5 29. Rc1 Qb5 30. Rxc7 Qf1+ 31. Rc1 Qxf5+ 32. Ka1 Nc2+ 33. Kb1 Nd4+ 34. Qc2 Nxc2 0-1

[Event "Titled Tuesday intern op 14th Feb Early"]
[Site "Chess.com INT"]
[Date "2023.02.14"]
[Round "1"]
[White "Ponkratov, Pavel"]
[Black "Taichman, Ori"]
[Result "0-1"]
[WhiteElo "2577"]
[BlackElo "2296"]
[PlyCount "52"]
[EventDate "2023.02.14"]
[EventType "swiss (blitz)"]
[EventRounds "11"]
[EventCountry "USA"]
[SourceTitle "CBM 212 Extra"]
[Source "ChessBase"]
[SourceDate "2023.03.31"]
[SourceVersion "1"]
[SourceVersionDate "2023.03.31"]
[SourceQuality "1"]

1. d4 Nf6 2. c4 g6 3. Nc3 Bg7 4. e4 0-0 5. Be2 d6 6. h4 e5 7. d5 Na6 8. h5 h6 9. hxg6 fxg6 10. Bxh6 Bxh6 11. Rxh6 Kg7 12. Rh2 Nc5 13. Qc2 Rh8 14. Rxh8 Qxh8 15. 0-0-0 Qh6+ 16. Kb1 Bd7 17. Bf3 a5 18. Nge2 Bg4 19. Ng3 Bxf3 20. gxf3 Rh8 21. Nb5 Qf4 22. Qe2 Rh2 23. Rg1 Ne8 24. b3 c6 25. Nc3 Kf7 26. Kb2 Rxf2 0-1

[Event "Titled Tuesday intern op 14th Feb Early"]
[Site "Chess.com INT"]
[Date "2023.02.14"]
[Round "4"]
[White "Thiel, Thomas"]
[Black "Taichman, Ori"]
[Result "0-1"]
[WhiteElo "2241"]
[BlackElo "2296"]
[PlyCount "58"]
[EventDate "2023.02.14"]
[EventType "swiss (blitz)"]
[EventRounds "11"]
[EventCountry "USA"]
[SourceTitle "CBM 212 Extra"]
[Source "ChessBase"]
[SourceDate "2023.03.31"]
[SourceVersion "1"]
[SourceVersionDate "2023.03.31"]
[SourceQuality "1"]

1. e4 c5 2. Nc3 Nc6 3. Bb5 Nd4 4. Bc4 g6 5. Nf3 Bg7 6. Nxd4 cxd4 7. Qf3 Nh6 8. Ne2 0-0 9. d3 Ng4 10. Bb3 d6 11. 0-0 a5 12. a4 Ne5 13. Qg3 Nd7 14. Qh4 Nc5 15. Bg5 Nxb3 16. Bxe7 Qb6 17. Bxf8 Nxa1 18. Bxg7 Kxg7 19. Rxa1 Qxb2 20. Rf1 Qxc2 21. Nxd4 Qxd3 22. Nb5 Bd7 23. Nc7 Rc8 24. Nd5 Qd4 25. Qe7 Bxa4 26. Qxb7 Rc2 27. Qe7 Bb5 28. Nf4 Qxf2+ 29. Rxf2 Rc1+ 0-1

[Event "Titled Tuesday intern op 31st Jan Early"]
[Site "Chess.com INT"]
[Date "2023.01.31"]
[Round "2"]
[White "Goldin, Roman"]
[Black "Taichman, Ori"]
[Result "1-0"]
[WhiteElo "2294"]
[BlackElo "2317"]
[PlyCount "113"]
[EventDate "2023.01.31"]
[EventType "swiss (blitz)"]
[EventRounds "11"]
[EventCountry "USA"]
[SourceTitle "CBM 212 Extra"]
[Source "ChessBase"]
[SourceDate "2023.03.31"]
[SourceVersion "1"]
[SourceVersionDate "2023.03.31"]
[SourceQuality "1"]

1. d4 Nf6 2. Nf3 g6 3. g3 Bg7 4. Bg2 0-0 5. 0-0 d6 6. Nc3 d5 7. Bf4 Ne4 8. Nxe4 dxe4 9. Ne5 f6 10. Nc4 f5 11. Be5 Be6 12. Bxg7 Kxg7 13. Ne5 Nd7 14. Nxd7 Qxd7 15. c3 a5 16. Qc1 a4 17. f3 Bd5 18. fxe4 Bxe4 19. Bxe4 fxe4 20. Qe3 a3 21. b3 Qc6 22. c4 Rf6 23. d5 Qb6 24. c5 Qb4 25. Rfd1 Raf8 26. Rac1 b5 27. Rd4 Qa5 28. Rxe4 R8f7 29. Rxe7 Rxe7 30. Qxe7+ Rf7 31. Qe5+ Kh6 32. Qd4 Qa8 33. Rf1 Rxf1+ 34. Kxf1 Qc8 35. Qf4+ Kg7 36. Qe5+ Kh6 37. Kg2 b4 38. c6 Qa6 39. h4 Qb5 40. Qf4+ Kg7 41. Qxc7+ Kh6 42. Qe5 Qc5 43. c7 Qc2 44. Qe3+ Kg7 45. Qe7+ Kh6 46. Qg5+ Kg7 47. Qe5+ Kh6 48. Kh3 Qc5 49. Qf4+ Kg7 50. d6 Qc6 51. Qe5+ Kh6 52. Kh2 Qc2 53. Kh3 Qc6 54. Qe6 Qh1+ 55. Kg4 Qc1 56. c8Q Qc7 57. Qf8+ 1-0

[Event "Titled Tuesday intern op 17th Jan Late"]
[Site "Chess.com INT"]
[Date "2023.01.17"]
[Round "2"]
[White "Taichman, Ori"]
[Black "Kobalia, Mihail"]
[Result "0-1"]
[WhiteElo "2317"]
[BlackElo "2577"]
[PlyCount "66"]
[EventDate "2023.01.17"]
[EventType "swiss (blitz)"]
[EventRounds "11"]
[EventCountry "USA"]
[SourceTitle "CBM 212 Extra"]
[Source "ChessBase"]
[SourceDate "2023.03.31"]
[SourceVersion "1"]
[SourceVersionDate "2023.03.31"]
[SourceQuality "1"]

1. e4 c5 2. b3 Nc6 3. Bb2 a6 4. f4 e6 5. Nf3 d5 6. exd5 exd5 7. Qe2+ Qe7 8. Nc3 Nf6 9. 0-0-0 d4 10. Na4 Bg4 11. Nb6 Rd8 12. Qf2 Ne4 13. Qg1 Qc7 14. Re1 Qxb6 15. h3 Be6 16. Rxe4 Be7 17. Ne5 Nxe5 18. Rxe5 Bf6 19. Re4 0-0 20. Re1 Qc6 21. g4 Bh4 22. Re5 Bd5 23. Rh2 Bf6 24. Re1 Rfe8 25. Rhe2 Rxe2 26. Bxe2 Bh4 27. Rf1 Re8 28. Bd3 b5 29. g5 Bg2 30. Rd1 Qf3 31. Kb1 Bf2 32. Qh2 Qxd1+ 33. Bc1 Re1 0-1

[Event "Titled Tuesday intern op 11th Oct Late"]
[Site "Chess.com INT"]
[Date "2022.10.11"]
[Round "4"]
[White "Stork, Oliver"]
[Black "Taichman, Ori"]
[Result "0-1"]
[WhiteElo "2338"]
[BlackElo "2317"]
[PlyCount "100"]
[EventDate "2022.10.11"]
[EventType "swiss (blitz)"]
[EventRounds "11"]
[EventCountry "USA"]
[SourceTitle "EXT 2024"]
[Source "ChessBase"]
[SourceDate "2023.10.10"]
[SourceVersion "1"]
[SourceVersionDate "2023.10.10"]
[SourceQuality "1"]

1. c4 g6 2. Nc3 Bg7 3. g3 Nf6 4. Bg2 0-0 5. Nf3 d6 6. 0-0 Nc6 7. d4 Rb8 8. h3 a6 9. e4 b5 10. cxb5 axb5 11. d5 b4 12. Na4 Na5 13. Nd4 Bd7 14. Be3 c5 15. dxc6 Nxc6 16. Rc1 Nxd4 17. Bxd4 Qa5 18. b3 Bxa4 19. bxa4 Nd7 20. Bxg7 Kxg7 21. Qd4+ Kg8 22. f4 Qxa4 23. e5 dxe5 24. fxe5 Nb6 25. Rc7 b3 26. Qxa4 Nxa4 27. axb3 Rxb3 28. Rxe7 Rxg3 29. Kh2 Rd3 30. Rc7 Nc3 31. Rf3 Rxf3 32. Bxf3 Nb5 33. Rd7 Re8 34. Bd5 Rxe5 35. Bxf7+ Kf8 36. Bc4 Na3 37. Bd3 Re3 38. Kg2 Ke8 39. Rd5 Ke7 40. h4 Ke6 41. Rd8 Ke5 42. Kf2 Rh3 43. Ke2 Kf4 44. Ra8 Rh2+ 45. Kd1 Ke3 46. Rxa3 Rd2+ 47. Ke1 Rxd3 48. Rxd3+ Kxd3 49. Kf2 Ke4 50. Kg3 h5 0-1

[Event "Titled Tuesday intern op 20th Sep Early"]
[Site "Chess.com INT"]
[Date "2022.09.20"]
[Round "1"]
[White "Taichman, Ori"]
[Black "Gallegos, Carlos"]
[Result "1-0"]
[WhiteElo "2317"]
[BlackElo "2374"]
[PlyCount "43"]
[EventDate "2022.09.20"]
[EventType "swiss (blitz)"]
[EventRounds "11"]
[EventCountry "USA"]
[SourceTitle "EXT 2023"]
[Source "ChessBase"]
[SourceDate "2022.10.05"]
[SourceVersion "1"]
[SourceVersionDate "2022.10.05"]
[SourceQuality "1"]

1. e4 d6 2. d4 Nf6 3. Nc3 c6 4. Bg5 Nbd7 5. f4 Qa5 6. Qd2 e5 7. Nf3 Be7 8. 0-0-0 h6 9. Bxf6 Bxf6 10. fxe5 dxe5 11. d5 0-0 12. Kb1 Nc5 13. h4 Bg4 14. Be2 Rfd8 15. Ng5 Bxe2 16. Qxe2 hxg5 17. hxg5 Bxg5 18. Qh5 f6 19. Qg6 Na4 20. Nxa4 Qxa4 21. Rh7 Bh6 22. Rxh6 1-0

[Event "Titled Tuesday intern op 06th Sep Early"]
[Site "Chess.com INT"]
[Date "2022.09.06"]
[Round "1"]
[White "Zaksaite, Salomeja"]
[Black "Taichman, Ori"]
[Result "1-0"]
[WhiteElo "2194"]
[BlackElo "2317"]
[PlyCount "51"]
[EventDate "2022.09.06"]
[EventType "swiss (blitz)"]
[EventRounds "11"]
[EventCountry "USA"]
[SourceTitle "EXT 2023"]
[Source "ChessBase"]
[SourceDate "2022.10.05"]
[SourceVersion "1"]
[SourceVersionDate "2022.10.05"]
[SourceQuality "1"]

1. e4 c5 2. Nf3 Nc6 3. Bb5 d6 4. 0-0 Bd7 5. c3 Nf6 6. Re1 a6 7. Ba4 c4 8. Bc2 Bg4 9. h3 Bxf3 10. Qxf3 g6 11. b3 b5 12. bxc4 bxc4 13. Ba4 Rc8 14. e5 dxe5 15. Bxc6+ Nd7 16. Na3 Qc7 17. Bd5 Nf6 18. Bxc4 Qa5 19. d4 exd4 20. Qxf6 Qxc3 21. Bxf7+ Kd7 22. Qe6+ Kd8 23. Qd5+ Kc7 24. Bf4+ e5 25. Bxe5+ Kb6 26. Bxd4+ 1-0

[Event "Titled Tuesday intern op 23rd Aug Late"]
[Site "Chess.com INT"]
[Date "2022.08.23"]
[Round "1"]
[White "Levine, David M"]
[Black "Taichman, Ori"]
[Result "0-1"]
[WhiteElo "2068"]
[BlackElo "2317"]
[PlyCount "114"]
[EventDate "2022.08.23"]
[EventType "swiss (blitz)"]
[EventRounds "11"]
[EventCountry "USA"]
[SourceTitle "EXT 2023"]
[Source "ChessBase"]
[SourceDate "2022.10.05"]
[SourceVersion "1"]
[SourceVersionDate "2022.10.05"]
[SourceQuality "1"]

1. d4 Nf6 2. c4 g6 3. g3 Bg7 4. Bg2 0-0 5. Nf3 d6 6. 0-0 Nc6 7. Nc3 Rb8 8. e4 Bg4 9. Be3 Nd7 10. Qd2 e5 11. d5 Bxf3 12. Bxf3 Nd4 13. Bg2 c5 14. dxc6 bxc6 15. Ne2 c5 16. Nc3 f5 17. f4 exf4 18. Bxf4 Ne5 19. b3 Qa5 20. Rac1 fxe4 21. Bxe4 Kh8 22. Kg2 Rbe8 23. Bh6 Rxf1 24. Bxg7+ Kxg7 25. Rxf1 Ng4 26. Rf4 Nf6 27. Rh4 Nxe4 28. Qh6+ Kf6 29. Nxe4+ Ke7 30. Qg7+ Kd8 31. Qf6+ Re7 32. Rxh7 Nf5 33. Rxe7 Nxe7 34. Qxd6+ Ke8 35. Nf6+ Kf7 36. Nd5 Qxa2+ 37. Kh3 Nf5 38. Qf6+ Ke8 39. Qxg6+ Kd8 40. Qxf5 Qxb3 41. Qf6+ Kc8 42. Qc6+ Kb8 43. Qc7+ Ka8 44. Qc8+ Qb8 45. Qxb8+ Kxb8 46. g4 a5 47. g5 a4 48. Nc3 a3 49. g6 Kc7 50. g7 Kb6 51. g8Q Ka5 52. Qd5 Kb4 53. Qd2 Kb3 54. Kg2 Kxc4 55. h4 Kb3 56. h5 c4 57. h6 a2 0-1

[Event "Titled Tuesday intern op 23rd Aug Early"]
[Site "Chess.com INT"]
[Date "2022.08.23"]
[Round "1"]
[White "Taichman, Ori"]
[Black "Acosta Cruz, Oscar Yosimar"]
[Result "0-1"]
[WhiteElo "2317"]
[BlackElo "2098"]
[PlyCount "60"]
[EventDate "2022.08.23"]
[EventType "swiss (blitz)"]
[EventRounds "11"]
[EventCountry "USA"]
[SourceTitle "EXT 2023"]
[Source "ChessBase"]
[SourceDate "2022.10.05"]
[SourceVersion "1"]
[SourceVersionDate "2022.10.05"]
[SourceQuality "1"]

1. e4 c5 2. Nf3 d6 3. d4 cxd4 4. Nxd4 Nf6 5. Nc3 a6 6. Bg5 e6 7. f4 Qb6 8. Qd2 Qxb2 9. Rb1 Qa3 10. e5 dxe5 11. fxe5 h6 12. Bh4 g5 13. exf6 gxh4 14. Be2 Qa5 15. 0-0 Qg5 16. Qd3 h3 17. Qxh3 Bc5 18. Kh1 Bxd4 19. Ne4 Qe5 20. Qg4 Nd7 21. Qg7 Rf8 22. Bf3 Nc5 23. Nxc5 Qxc5 24. Bxb7 Bxb7 25. Rxb7 0-0-0 26. Rfb1 Be5 27. Qxh6 Rh8 28. Rb8+ Bxb8 29. Rxb8+ Kxb8 30. Qf4+ e5 0-1

[Event "Titled Tuesday intern op 16th Aug Early"]
[Site "Chess.com INT"]
[Date "2022.08.16"]
[Round "2"]
[White "So, Wesley"]
[Black "Taichman, Ori"]
[Result "1-0"]
[WhiteElo "2773"]
[BlackElo "2317"]
[PlyCount "65"]
[EventDate "2022.08.16"]
[EventType "swiss (blitz)"]
[EventRounds "11"]
[EventCountry "USA"]
[SourceTitle "EXT 2023"]
[Source "ChessBase"]
[SourceDate "2022.10.05"]
[SourceVersion "1"]
[SourceVersionDate "2022.10.05"]
[SourceQuality "1"]

1. d4 Nf6 2. Nf3 g6 3. Nbd2 d5 4. e3 Bg7 5. b4 0-0 6. Be2 a5 7. b5 c5 8. bxc6 bxc6 9. 0-0 Ba6 10. Ba3 Re8 11. Rb1 Nbd7 12. Bxa6 Rxa6 13. c4 e5 14. dxe5 Nxe5 15. Nxe5 Rxe5 16. Nf3 Re4 17. cxd5 Nxd5 18. Qd3 Ra4 19. Qxa6 Rxa3 20. Qxc6 Nb4 21. Qc4 Nxa2 22. Rfd1 Qe7 23. Rb8+ Bf8 24. h4 Kg7 25. Rdd8 Qc5 26. Qxc5 Bxc5 27. Ng5 h6 28. Rg8+ Kf6 29. Ne4+ Kf5 30. Nxc5 Rc3 31. Rb5 Rc1+ 32. Kh2 Nc3 33. Rxa5 1-0